|
|
|
|
| LEADER |
00000cam a22000004a 4500 |
| 001 |
musev2_74282 |
| 003 |
MdBmJHUP |
| 005 |
20230905051709.0 |
| 006 |
m o d |
| 007 |
cr||||||||nn|n |
| 008 |
100810s1988 mx o 00 0 spa d |
| 020 |
|
|
|a 9786075641010
|
| 020 |
|
|
|z 9789681204020
|
| 035 |
|
|
|a (OCoLC)654553876
|
| 040 |
|
|
|a MdBmJHUP
|c MdBmJHUP
|
| 100 |
1 |
|
|a Garza Toledo, Enrique M. de la.
|
| 245 |
1 |
0 |
|a Ascenso y crisis del Estado social autoritario :
|b Estado y acumulación del capital en México, 1940-1976 /
|c Enrique de la Garza Toledo.
|
| 250 |
|
|
|a 1a ed.
|
| 264 |
|
1 |
|a Mexico, D.F. :
|b Colegio de Mexico, Centro de Estudios Sociológicos,
|c 1988.
|
| 264 |
|
3 |
|a Baltimore, Md. :
|b Project MUSE,
|c 2020
|
| 264 |
|
4 |
|c ©1988.
|
| 300 |
|
|
|a 1 online resource:
|b illustrations
|
| 336 |
|
|
|a text
|b txt
|2 rdacontent
|
| 337 |
|
|
|a computer
|b c
|2 rdamedia
|
| 338 |
|
|
|a online resource
|b cr
|2 rdacarrier
|
| 506 |
0 |
|
|a Open Access
|f Unrestricted online access
|2 star
|
| 588 |
|
|
|a Description based on print version record.
|
| 650 |
|
7 |
|a Informal sector (Economics)
|2 fast
|0 (OCoLC)fst00972518
|
| 650 |
|
7 |
|a Economic policy.
|2 fast
|0 (OCoLC)fst00902025
|
| 650 |
|
7 |
|a Economic history.
|2 fast
|0 (OCoLC)fst00901974
|
| 650 |
|
7 |
|a SOCIAL SCIENCE
|x General.
|2 bisacsh
|
| 650 |
|
6 |
|a Secteur informel (Économie politique)
|z Mexique.
|
| 650 |
|
0 |
|a Informal sector (Economics)
|z Mexico.
|
| 651 |
|
7 |
|a Mexico.
|2 fast
|0 (OCoLC)fst01211700
|
| 651 |
|
6 |
|a Mexique
|x Conditions economiques
|y 1918-
|
| 651 |
|
6 |
|a Mexique
|x Politique economique.
|
| 651 |
|
0 |
|a Mexico
|x Economic conditions
|y 1918-
|
| 651 |
|
0 |
|a Mexico
|x Economic policy.
|
| 655 |
|
7 |
|a Electronic books.
|2 local
|
| 710 |
2 |
|
|a Project Muse.
|e distributor
|
| 830 |
|
0 |
|a Book collections on Project MUSE.
|
| 856 |
4 |
0 |
|z Texto completo
|u https://projectmuse.uam.elogim.com/book/74282/
|